| 000 | 00808cam a22001934a 4500 | ||
|---|---|---|---|
| 005 | 20250605164345.0 | ||
| 008 | 250528s ||||||||||||||||||||||||d | ||
| 035 | _a23863 | ||
| 040 |
_aGR-AtMCL _bgre _dGR-AtMCL _eAACR2 |
||
| 245 | 1 | _aSieges and the Role of Psychologists / Annual Conference, Psychotherapy, Student Writers | |
| 260 | _c2004 | ||
| 300 | _a55 | ||
| 520 | _aHelp Yourself, Pitch Perfect, Developing Clinical Understanding, Coned to Perfection, Cognitive Rehabilitation, Fear and Loathing in Childhood, OK Computers, What Does FMRI Actually Measure?, Beware the Allure of Fame and Fortune, Ruminating Depressively, Herbal Extracts and Mood. | ||
| 700 | 1 |
_aSutton Jon _99351 |
|
| 942 | _cCR | ||
| 710 | 2 |
_aThe British Psychological Society _99823 |
|
| 999 |
_c8782 _d8782 |
||